O mistério da Atlântida (Record no. 72332)
[ view plain ]
| 000 -LÍDER | |
|---|---|
| campo de controle de tamanho fixo | 00375 a2200157 4500 |
| 001 - NÚMERO DE CONTROLE | |
| campo de controle | 72332 |
| 020 ## - ISBN - INTERNATIONAL STANDARD BOOK NUMBER | |
| ISBN - International Standard Book Number | 852670351X |
| 040 ## - FONTE DA CATALOGAÇÃO | |
| Instituição que transcreveu o registro | Anchieta - Colégio São Paulo |
| 100 ## - ENTRADA PRINCIPAL--NOME PESSOAL | |
| Nome pessoal | Sérafini, Dominique |
| 240 10 - TÍTULO UNIFORME | |
| Título uniforme | O mistério da Atlântida |
| Idioma da obra | por |
| 245 10 - TÍTULO | |
| Título | O mistério da Atlântida |
| 300 ## - DESCRIÇÃO FÍSICA | |
| Extensão | 48 |
| 362 0# - DATAS DE PUBLICAÇÃO E/OU DESIGNAÇÃO SEQUENCIAL | |
| Datas de publicação e/ou designação sequencial | 1991 |
| 650 #4 - ASSUNTO--TERMO TÓPICO | |
| Cabeçalho tópico ou nome geográfico | Literatura infanto-juvenil |
| 942 ## - ELEMENTOS DE ENTRADA ADICIONADOS (KOHA) | |
| Tipo de material Koha | Livros |
| Situação do descarte | Situação das perdas | Situação física | Não pode ser emprestado | Biblioteca de origem | Biblioteca atual | Data de aquisição | Total de empréstimos | Código de barras | Data de último acesso | Data do preço efetivo | Tipo de material Koha | Fonte da classificação ou esquema de arquivamento na estante | Número de chamada completo | Número do exemplar |
|---|---|---|---|---|---|---|---|---|---|---|---|---|---|---|
| Colégio São Paulo | Colégio São Paulo | 22/11/2023 | 1870/CSP | 22/11/2023 | 22/11/2023 | Livros | ||||||||
| Portinari - Salvador | Portinari - Salvador | 09/08/2024 | Q114/CCP | 09/08/2024 | 09/08/2024 | Livros | 028.5 S482m | Ex. 1 |